| 000 | 01924nam0a2200409 4500 | ||
|---|---|---|---|
| 001 | RU\NLR\bibl\575636 | ||
| 005 | 20250610134121.0 | ||
| 010 |
_a5-9594-0010-3 _91000 |
||
| 021 |
_aRU _b2004-26052 _91312 |
||
| 035 | _a(NLR Aleph) 000567681 | ||
| 090 |
_a1572523 _c1572523 |
||
| 100 | _a20040506d2004 |||y0rusy50 ca | ||
| 101 | 0 | _arus | |
| 102 | _aRU | ||
| 105 | _ay ||||||||| | ||
| 106 | _ar | ||
| 200 | 1 |
_aУбийства: мотивы и цели _fО. С. Капинус |
|
| 210 |
_aМ. _cИМПЭ-ПАБЛИШ _d2004 |
||
| 215 |
_a310, [1] с. _d21 |
||
| 300 | _aНа 4-й с. обл. авт.: Капинус О. С. - к.ю.н., доц., проф. | ||
| 320 | _aБиблиогр.: с. 301-311 и в подстроч. примеч. | ||
| 320 | _aДр. работы авт. на 4-й с. обл. | ||
| 606 | 0 |
_aУбийство _xКвалификация _yРоссийская Федерация _92126283 _3RU\NLR\auth\661283389 |
|
| 610 | 0 | _aГосударство и право. Юридические науки -- Уголовное право -- Российская Федерация -- Преступления против жизни, здоровья, свободы и достоинства личности -- Убийство | |
| 686 |
_aХ628.111.311,0 _2rubbk |
||
| 686 | _aХ628.111.311 | ||
| 700 | 1 |
_aКапинус _bО. С. _gОксана Сергеевна _4070 |
|
| 801 | 0 |
_aRU _bRuMoRKP _c20040506 _gPSBO |
|
| 801 | 1 |
_aRU _bRuMoRGB _c20040506 |
|
| 801 | 2 |
_aRU _bNLR _c20041119 _gPSBO |
|
| 830 | _aАвт. по кн. | ||
| 901 | _eКнижные издания | ||
| 942 | _cBOOK | ||
| 980 | _aNB | ||
| 981 | 1 | 3 |
_a(13) Документы, защищенные авторским правом _b(13) Современная научная, научно-популярная и популярная л |